Organization Theory Structure, Design, and Applications

Saved in:
Bibliographic Details
Main Author: Robbins, Stephen P.
Format: Book
Language:English
Published: Englewood Cliffs Prentice Hall 1990
Edition:3. ed.
Tags: Add Tag
No Tags, Be the first to tag this record!

MARC

LEADER 00000nam a2200000 4500
001 c024334
005 20221215114256.4
041 0 |a eng 
044 |a US 
245 1 0 |a Organization Theory  |b Structure, Design, and Applications  |c Stephen P. Robbins 
250 |a 3. ed. 
264 1 |a Englewood Cliffs  |b Prentice Hall  |c 1990 
300 |a 552 s. 
100 1 |a Robbins, Stephen P.